International commercial arbitration (Record no. 109251)

MARC details
000 -LEADER
fixed length control field 02967cam a22002775a 4500
001 - CONTROL NUMBER
control field L146647
008 - FIXED-LENGTH DATA ELEMENTS--GENERAL INFORMATION
fixed length control field 090210s2009 ne f 000 0 eng d
020 ## - INTERNATIONAL STANDARD BOOK NUMBER
International Standard Book Number 9789041127594
035 ## - SYSTEM CONTROL NUMBER
System control number (Sirsi) u146647
041 0# - LANGUAGE CODE
Language code of text/sound track or separate title eng
050 04 - LIBRARY OF CONGRESS CALL NUMBER
Classification number 347.4109 $2 18
100 1# - MAIN ENTRY--PERSONAL NAME
Personal name Born, Gary B.
245 00 - TITLE STATEMENT
Title International commercial arbitration
260 ## - PUBLICATION, DISTRIBUTION, ETC.
Place of publication, distribution, etc. Alphen aan den Rijn
Name of publisher, distributor, etc. Kluwer Law International
Date of publication, distribution, etc. 2009
300 ## - PHYSICAL DESCRIPTION
Extent lvi, 1738p.
Dimensions 25cm.
350 ## - PRICE (NR) (BK AM CF MU VM SE) [OBSOLETE]
Price 187
505 2# - FORMATTED CONTENTS NOTE
Formatted contents note Volume I: Overview of international commercial arbitration -- Introduction to international arbitration agreements: legal framework for international arbitration agreements; international arbitration agreements and the separability presumption; choice of law governing international arbitration agreements; formation, validity and legality of international arbitration agreements; international arbitration agreements and competence-competence; effects and enforcement of international arbitration agreements; interpretation of international arbitration agreements parties to international arbitration agreements -- Introduction to international arbitral procedures and proceedings: legal framework for international arbitral proceedings; selection, challenge and replacement of arbitrators in international arbitration; rights and duties of international arbitrators; selection of arbitral seat in international arbitration
505 2# - FORMATTED CONTENTS NOTE
Formatted contents note Volume II: procedures in international arbitration; disclosure and discovery in international arbitration; provisional measures in international arbitration; consolidation, joinder and intervention in international arbitration; confidentiality in international arbitration; legal representation and professional conduct in international arbitration -- International arbitral awards: legal framework for international arbitral awards; form and contents of international arbitral awards; correction, interpretation and supplementation of international arbitral awards; annulment of international arbitral awards; recognition and enforcement of international arbitration awards; preclusions, Lis Pendens and Stare Decisis in international arbitration -- Commentaries, treaties, and monographs -- Articles -- International Conventions -- International instruments -- Constitutions -- Statutes -- National instruments -- Arbitration rules -- Legislative materials -- Documents of the United Nations -- Miscellaneous -- Index of arbitral awards -- Index of cases -- Subject index
520 ## - SUMMARY, ETC.
Summary, etc. Describes and explains the structure, law, practice and policy of international commercial arbitration. Looks in detail at international commercial arbitration agreement, international arbitration proceedings, and international arbitral awards.
521 ## - TARGET AUDIENCE NOTE
Target audience note Expert
590 ## - LOCAL NOTE (RLIN)
Local note KA
651 #4 - SUBJECT ADDED ENTRY--GEOGRAPHIC NAME
Geographic name International
690 ## - LOCAL SUBJECT ADDED ENTRY--TOPICAL TERM (OCLC, RLIN)
Topical term or geographic name as entry element MANAGEMENT-DISPUTE AVOIDANCE, MANAGEMENT AND RESOLUTION-DISPUTE MANAGEMENT AND RESOLUTION-ARBITRATION
942 ## - ADDED ENTRY ELEMENTS (KOHA)
Suppress in OPAC 0
Holdings
Withdrawn status Lost status Source of classification or shelving scheme Damaged status Not for loan Home library Current library Shelving location Date acquired Total Checkouts Full call number Barcode Date last seen Copy number Price effective from Koha item type
    Dewey Decimal Classification     London London Books 12/11/2009   347.4109 BOR 30076873 06/08/2019 1 06/08/2019 Reference material